00807nam a22001697a 4500003000900000008004100009040007100050082002700121100002800148245012800176260004100304300002800345505019400373650001700567650002600584650002700610AR-CdUCM190328b ||||| |||| 00| 0 spa d aMUNICIPALIDAD PROVINCIAL DEL CUSCOcBIBLIOTECA MUNICIPAL DEL CUSCO a985.033 / 1952 /bEG32 aEguiguren, Luis Antonio aGuerra separatista. Rebeliones de indios en Sur América. La sublevación de Tupac Amaru :bCrónica de Melchor de Paz / aLima :bImpr. Torres Aguirre,c1952. a480 páginas ;c24 cm. aContenido: T.1: Presentación de la obra de Melchor de Paz-el medio -- Quien fue Melchor de Paz? -- Otros factores determinantes de la revolución -- Los detalles que originan el drama... aEmancipacion aCusco y la rebelión aRevolución americana